000 00543nmm a2200169Ia 4500
008 251105s9999||||xx |||||||||||||||||und||
020 _a9789587715828
041 _aspa
100 _aSaravia, Federico
245 0 _aEmprender para transformar: herramientas para una comunidad socialmente responsable
264 _a[Bogotá, Colombia] :
_bEcoe Ediciones,
_c2018
300 _a113 páginas
490 _aCiencias empresariales
650 _aEconomics and Business
856 _uhttps://public.digitaliapublishing.com/a/66617
942 _cCF
999 _c96253
_d96253